| 000 | 01059nam1a22002531i 4500 | ||
|---|---|---|---|
| 001 | v19\rc\1750103 | ||
| 005 | 20260405191949.0 | ||
| 035 | _a(NLR Aleph) 005248741 | ||
| 090 |
_a5781509 _c5781509 |
||
| 100 | _a20061204g19021903|||y0rusy50 ca | ||
| 101 | 0 | _arus | |
| 102 | _aRU | ||
| 105 | _ay j ||||| | ||
| 200 | 1 |
_aПланы и краткие обзоры тем литературного характера, задаваемых для домашних и классных сочинений во всех среднеучебных заведениях _fЕ.А. Рошал |
|
| 205 | _a4-е изд. | ||
| 210 |
_aСанкт-Петербург _cтип. Дома призрения малолетних бедных _d1902-1903 |
||
| 215 | _d24 | ||
| 700 | 1 |
_8rus _7ca _aРошал _bЕ. А. _cпедагог _f19 в. _3RU\NLR\AUTH\7783924 _966852 |
|
| 801 | 0 |
_aRU _bNLR _c20061204 _gpsbo |
|
| 801 | 0 |
_aRU _bRuMoRGB _c20061204 _2psbo |
|
| 801 | 1 |
_aRU _bProSoft-M _c20061204 _2rusmarc |
|
| 801 | 2 |
_aRU _bNLR _c20100617 _2rusmarc |
|
| 852 |
_aNLR _jЛ20/Б-8/68 |
||
| 942 | _cBOOK | ||